000 01417aam a2200325 i 4500
001 768714001
003 CO-MdFUSB
005 20240126113807.0
007 ta
008 231018t20022002flu||||g |||| 00| 0 spa d
020 _q[No incluye ISBN]
040 _aCO-MdFUSB
_bspa
_cCO-MdFUSB
_dCO-MdFUSBC
_erda
041 _aspa
082 _223
_a261.873
_bT693
245 1 4 _aLas torres gemelas
_b : su destrucción y su mensaje
_c/ Editado por: Eugenio Orellana , Guillermo Serrano
264 1 _aMiami, Florida :
_bMinisterios de Literatura a Hispanoamérica,
_c[2002]
264 4 _bMisión Latinoamericana,
_c©2002
300 _a191 páginas
_c; 21 cm
336 _2rdacontent
_atexto
_btxt
337 _2rdamedia
_asin mediación
_bn
338 _2rdacarrier
_avolumen
_bnc
505 _aAgradecimientos -- Lo que dijo la prensa -- Entrevista a Anne Graham -- Articulo sobre George W. Bush -- Introducción -- Ataque a las torres gemelas -- Mensaje a las naciones -- Mensaje a la Iglesia -- Mensaje al hombre del siglo 21 -- El futuro del mundo -- Ejemplos bíblicos de destrucción -- Valores materiales versus valores espirituales -- Mensaje de restauración y esperanza.
563 _aRústico.
650 0 _aGuerra
_xAspectos religiosos
_91267
653 _aDestrucción
700 _95070
_aOrellana, Eugenio. ‎
_eeditor
700 _98292
_aSerrano, Guillermo
_eeditor
942 _cBK
945 _asor1564
999 _c69178
_d69178